000 00559nam a2200193Ia 4500
005 20250425161538.0
008 250425s9999 xx 000 0 und d
020 _a9682603064
041 _aspa
082 _a808.066
_pSAA
100 _aSaad, Antonio Miguel
245 0 _aRedacción
_bDesde cuestiones gramaticales hasta el informe formal extenso
_cAntonio Miguel Saab
260 _aMéxico
_bContinental
_c1982
300 _a468 p.
_c23 cm
500 _aIncluye tabla de contenido, bibliografía
902 _cImpreso
942 _c01
010 _a22718
999 _c211338
_d211338